000
00320nam a2200121Ia 4500
005
20251222154343.0
008
251222s9999||||xx |||||||||||||| ||spa||
020
_a
978-607-15-0537-8
082
_a
620.103/B45E
100
_a
"Beer, Ferdinand P.Johnston, E. RussellMazurek, David F."
245
0
_a
Estética
942
_c
LIB
999
_c
34599
_d
34599